| 000 | 00726nam a22001337a 4500 | ||
|---|---|---|---|
| 040 | _cRUA | ||
| 082 | _aAGR OL 2017 B636 Or.1 | ||
| 100 | _aOL SOMEATH អុល សុមាធ | ||
| 245 | _acomparison of different rates fertilizers 15-15-15 on growth garlic in royal university of agriculture ការប្រៀធៀបកម្រិតប្រជាជន១៥ -១៥-១៥លើការដុះលូតលាស់ខ្ទឹមសរនៅសាកលវីទ្យាល័យភូមិន្ទកសិមកម្ម | ||
| 260 |
_aRUA _bPhnom penh _c2017 |
||
| 300 |
_axi;37p _bill; _c29cm |
||
| 856 | _uhttps://drive.google.com/file/d/1wIzfwniqKiZaxTvmKqkM2dShm-I224bB/view?usp=sharing | ||
| 942 | _cAGR | ||
| 999 |
_c18052 _d18052 |
||